000 00403nam a2200157Ia 4500
008 230524s9999 xx 000 0 und d
020 _a9789313192152
100 _aEr. Dinesh Nath Goswami
_944996
245 0 _aGATE TUTOR 2020 Mechanical Engineering
250 _a1
260 _aNew Delhi
_bArihant
_c2019
300 _a940p;
500 _aQuantity Number: 1
650 _amechanical
942 _cBK
999 _c60602
_d60602